| 000 | 00803nam a2200289 a 4500 | ||
|---|---|---|---|
| 003 | AR-BaBNM | ||
| 005 | 20251128205235.0 | ||
| 008 | 082120s2002 ||||||||||||||000 | spa|| | ||
| 020 | _a950-43-7657-6 | ||
| 040 | _cAR-BaBNM | ||
| 100 | 1 | _aCanu, Mirella | |
| 245 | 0 | 0 |
_aLeer y escribir _bdos pasos y un mismo desafío |
| 250 | _a1ª ed. | ||
| 260 |
_aCórdoba _bCB _c1996 |
||
| 300 |
_a120 p. _bil. |
||
| 650 | 4 | _aENSEÑANZA DE LA LECTURA | |
| 650 | 4 | _aENSEÑANZA DE LA ESCRITURA | |
| 650 | 4 | _aENSEÑANZA DE LA EXPRESION ORAL | |
| 650 | 4 | _aDESARROLLO DEL VOCABULARIO | |
| 650 | 4 | _aDESARROLLO DEL LENGUAJE | |
| 650 | 4 | _aTECNICAS DE ENSEÑANZA | |
| 653 | _aCONSTRUCTIVISMO | ||
| 653 | _aPROCESO DE ENSEÑANZA-APRENDIZAJE | ||
| 700 | 1 | _aBialet, Graciela | |
| 942 | _cBK | ||
| 998 | _cLAURA | ||
| 999 |
_c10554 _d10554 |
||